[Event "3. Winter-Open 2024"]
[Site "Nuernberg"]
[Date "2024.02.10"]
[Round "3.25"]
[White "Ziegler, Jonas"]
[Black "Frenz, Joachim"]
[Result "0-1"]
[WhiteElo "1200"]
[BlackElo "1505"]
[PlyCount "75"]
[EventDate "2024.??.??"]
[BlackTeam "SC Stein 1998 e.V."]

1. e4 d5 2. exd5 Nf6 3. Nf3 Nxd5 4. d4 Bg4 5. h3 Bxf3 6. Qxf3 g6 7. Bc4 c6 8. Nc3 e6 9. Nxd5 cxd5 10. Bb5+ Nc6 11. O-O Bg7 12. Be3 O-O 13. c3 a6 14. Bd3 e5 15. dxe5 Nxe5 16. Qe2 Nxd3 17. Qxd3 Qd7 18. Rad1 Rfd8 19. Bd4 Bxd4 20. Qxd4 Qb5 21. Rd2 Rac8 22. Rfd1 Qa5 23. b4 Qc7 24. Rd3 b5 25. Ra1 Qd6 26. a4 Rc4 27. Qa7 bxa4 28. Rxa4 Re8 29. Kf1 Qh2 30. Re3 Qh1+ 31. Ke2 Rxe3+ 32. Qxe3 Re4 33. Qxe4 dxe4 34. Rxa6 Qxg2 35. Ra8+ Kg7 36. Re8 Qf3+ 37. Kd2 Qxf2+ 38. Kd1 0-1

[Event "3. Winter-Open 2024"]
[Site "Nuernberg"]
[Date "2024.02.10"]
[Round "3.26"]
[White "Assem Gawdat Azmy, Mostafa"]
[Black "Marczok, Robert"]
[Result "1/2-1/2"]
[WhiteElo "1200"]
[BlackElo "1651"]
[PlyCount "90"]
[EventDate "2024.??.??"]
[WhiteTeam "SC Erlangen 48/88"]
[BlackTeam "SC JÄKLECHEMIE Talente Franken e"]

1. e4 e6 2. d4 d5 3. exd5 exd5 4. c4 dxc4 5. Bxc4 h6 6. Nf3 Nf6 7. Qb3 Qe7+ 8. Ne5 Qb4+ 9. Nc3 Qxb3 10. axb3 Be6 11. Nb5 Bd6 12. O-O a6 13. Bd2 O-O 14. Nxd6 cxd6 15. Nf3 Nbd7 16. Bb4 Ne8 17. Rfe1 Bg4 18. Nd2 Ndf6 19. Re7 Rb8 20. Ne4 Nxe4 21. Rxe4 Nf6 22. Rxg4 Nxg4 23. Bxd6 Rbd8 24. Bxf8 Kxf8 25. Rd1 b5 26. Be2 Nf6 27. f3 Nd5 28. Kf2 Nb4 29. f4 Nd5 30. g3 Ke7 31. Bf3 Kd6 32. Rc1 Nb4 33. Rc3 Nd5 34. Rc5 Nb4 35. Ke3 Re8+ 36. Kd2 g6 37. g4 f6 38. h3 Rb8 39. Be4 Rg8 40. f5 g5 41. Kc3 Na2+ 42. Kd2 Nb4 43. Ke3 Re8 44. Kf3 Rh8 45. Bb7 Rb8 1/2-1/2

[Event "3. Winter-Open 2024"]
[Site "Nuernberg"]
[Date "2024.02.10"]
[Round "3.27"]
[White "Nagl, Simon"]
[Black "Yanpala, Oguz Faruk"]
[Result "1-0"]
[WhiteElo "1604"]
[BlackElo "1196"]
[PlyCount "63"]
[EventDate "2024.??.??"]
[WhiteTeam "SG Büchenbach/Roth e.V."]
[BlackTeam "SC JÄKLECHEMIE Talente Franken e"]

1. e4 e5 2. Nf3 Nc6 3. Bc4 Bc5 4. c3 Nf6 5. d4 exd4 6. e5 Ng8 7. cxd4 Bb4+ 8. Nc3 d5 9. Bb3 Bf5 10. O-O Nge7 11. a3 Ba5 12. Ne2 h6 13. Ng3 O-O 14. Bc2 Bxc2 15. Qxc2 Bb6 16. Rd1 Ng6 17. a4 Nh4 18. Nxh4 Qxh4 19. Nf5 Qd8 20. Ra3 Ne7 21. Nxe7+ Qxe7 22. a5 Bxd4 23. Rxd4 Qxe5 24. Qd1 c6 25. Re3 Qc7 26. Rg3 Qxa5 27. Bxh6 Rfe8 28. Bd2 Qb6 29. Bc3 a5 30. Rh3 Qd8 31. Rg4 g6 32. Qd4 1-0

[Event "3. Winter-Open 2024"]
[Site "Nuernberg"]
[Date "2024.02.10"]
[Round "3.28"]
[White "Jusic, Enes"]
[Black "Ayhan, Elian"]
[Result "0-1"]
[WhiteElo "1135"]
[BlackElo "1365"]
[PlyCount "54"]
[EventDate "2024.??.??"]
[WhiteTeam "SC JÄKLECHEMIE Talente Franken e"]
[BlackTeam "BSG Wöhrlhaus Erlangen"]

1. Nf3 d5 2. d4 Nf6 3. c4 c6 4. Nc3 e6 5. a3 Nbd7 6. Bg5 Bd6 7. c5 Be7 8. e3 O-O 9. Bd3 b6 10. b4 a5 11. O-O bxc5 12. bxc5 Qc7 13. Qc2 Ba6 14. Rab1 Bxd3 15. Qxd3 e5 16. Rfe1 e4 17. Qe2 exf3 18. Qxf3 Rfe8 19. e4 dxe4 20. Nxe4 Nd5 21. Qh5 N7f6 22. Qh4 Nxe4 23. Rxe4 Bxg5 24. Rxe8+ Rxe8 25. Qxg5 g6 26. Qd2 Qf4 27. Qd3 Qe4 0-1

[Event "3. Winter-Open 2024"]
[Site "Nuernberg"]
[Date "2024.02.10"]
[Round "3.29"]
[White "Atturi, Sathwik Reddy"]
[Black "Heron, Doris"]
[Result "1-0"]
[WhiteElo "1332"]
[BlackElo "1021"]
[PlyCount "45"]
[EventDate "2024.??.??"]
[WhiteTeam "Spvg Zabo-Eintracht Nürnberg e.V"]

1. e4 c6 2. d4 d5 3. Nc3 e6 4. Nf3 Nf6 5. Bg5 h6 6. Bxf6 Qxf6 7. exd5 cxd5 8. Bb5+ Nc6 9. Ne5 Bb4 10. Nxc6 Bxc3+ 11. bxc3 O-O 12. Ne5 Qd8 13. Bd3 Qa5 14. Qd2 b6 15. O-O b5 16. Rfe1 Ba6 17. Re3 Rfc8 18. Be2 Rab8 19. Rg3 b4 20. Qxh6 Kf8 21. Rxg7 Bxe2 22. Rxf7+ Ke8 23. Qh8# 1-0

[Event "3. Winter-Open 2024"]
[Site "Nuernberg"]
[Date "2024.02.10"]
[Round "3.30"]
[White "Kaplan, Büsra"]
[Black "Bharathula, Akhila"]
[Result "0-1"]
[WhiteElo "1200"]
[BlackElo "1264"]
[PlyCount "76"]
[EventDate "2024.??.??"]
[WhiteTeam "SC JÄKLECHEMIE Talente Franken e"]
[BlackTeam "SC Noris-Tarrasch Nürnberg 1873"]

1. e4 d5 2. e5 Bf5 3. d4 e6 4. Nf3 Bb4+ 5. Bd2 Bxd2+ 6. Qxd2 Nc6 7. Na3 Nge7 8. g3 O-O 9. Bg2 f6 10. exf6 Rxf6 11. O-O Be4 12. Qe2 Bxf3 13. Bxf3 Nxd4 14. Qe3 Nxf3+ 15. Kg2 d4 16. Qe4 Nd2 17. Qxb7 Nxf1 18. Kxf1 Qd5 19. Qxd5 Nxd5 20. Kg2 Raf8 21. f4 Rg6 22. Kf3 Ne3 23. h3 e5 24. Ke4 exf4 25. gxf4 Re6+ 26. Kxd4 Rxf4+ 27. Kd3 Rf3 28. Nb5 Nd1+ 29. Kd2 Nxb2 30. Re1 Nc4+ 31. Kd1 Ne3+ 32. Kd2 Nc4+ 33. Kd1 Rxe1+ 34. Kxe1 Rxh3 35. Nxc7 Rh2 36. Kd1 Ne3+ 37. Kc1 Rxc2+ 38. Kb1 Rxc7 0-1